|
|
|
|
| LEADER |
00000nam a22000007a 4500 |
| 005 |
20210224204435.0 |
| 007 |
cr|||| |||| |
| 008 |
210224s2016 us |||||s|||| 00||0 eng d |
| 020 |
|
|
|a 9781634250238
|
| 035 |
|
|
|a 31215
|
| 040 |
|
|
|a vLex
|
| 090 |
|
|
|c 11245
|d 11245
|
| 100 |
1 |
|
|a Kasky, Jeffrey
|
| 245 |
1 |
0 |
|a ABA Consumer Guide to Adopting a Child Everything You Need To Know For A Successful Adoption
|h [Recurso electrn̤ico] /
|c Jeffrey Kasky, Robert Andrew Kasky
|
| 256 |
|
|
|a Servicio en ln̕ea
|
| 260 |
|
|
|a Chicago:
|b American Bar Association,
|c 2016
|
| 300 |
|
|
|a 1 recurso electrn̤ico
|
| 500 |
|
|
|a This book provides all the information needed to navigate the adoption process and to successfully adopt a child, discussing the various types of adoptions; alerts readers to adoption scams; and guides readers in selecting a reputable attorney or adoption agency.
|
| 506 |
1 |
|
|a Disponible solo en los productos indicados
|d vLex Global
|d vLex Global (Academic Edition, excluding Law Schools)
|d vLex Global (Academic Edition, Law Schools)
|
| 650 |
0 |
4 |
|a Derecho Civil
|z Estados Unidos
|
| 650 |
0 |
4 |
|a Familia y Sucesiones
|z Estados Unidos
|
| 700 |
1 |
|
|a Kasky, Robert Andrew
|
| 740 |
0 |
|
|a vLex Libros (Servicio en ln̕ea)
|
| 856 |
4 |
0 |
|u http://vlex.com/source/aba-consumer-guide-to-adopting-a-child-everything-you-need-to-know-for-a-successful-adoption-31215
|z Acceso restringido
|
| 942 |
|
|
|c BOOK
|
| 999 |
0 |
|
|a Civil Law
|
| 999 |
0 |
|
|a Family and Successions
|